01016nam a2200217Ia 4500003000900000008004100009020001800050040001600068080002200084111011900106245026400225260003700489300001400526650001700540650001700557700002800574700003200602942000700634999001700641952014000658IN-BaIIA211028s9999 xx 000 0 eng d a0-7923-3930-4 cIIA Library a523.4(082.2)bWOR aMeeting on Mall Bodies in the Solar System and their Interactions with the PlanetscFinlandd1994 Aug. 8-12922332 0aWorlds in interactionbproceedings of the meeting, small bodies in the solar system and their interactions with the planets held in Mariehamn, Finland, 8-12 Aug 1994cedited by H. Rickman and M. J. Valtonen  aDordrechtbKluwer Academicc1996 axx, 508p. aPlanets9971 aSolar system aRickman, H., ed 922333 aValtonen, M. J., ed.915752 cBK c12755d12755 00104070aBANbBANcGENd1998-11-13eINFO g8201.60l0o523.4(082.2)/ WORp13672r2021-11-05v8201.60w1998-11-13yBKGRs. 8201.60